Nghiên cứu các nhân tố tác động đến mức độ hài lòng của giảng viên trong trường đại học /
Gorde:
| Egile nagusia: | |
|---|---|
| Beste egile batzuk: | |
| Formatua: | Artikulua |
| Hizkuntza: | Vietnamese |
| Gaiak: | |
| Etiketak: |
Etiketa erantsi
Etiketarik gabe, Izan zaitez lehena erregistro honi etiketa jartzen!
|
| Thư viện lưu trữ: | Thư viện Trường Đại học Đà Lạt |
|---|
| LEADER | 00853nam a2200265 4500 | ||
|---|---|---|---|
| 001 | DLU180185965 | ||
| 005 | ##20180720 | ||
| 040 | # | # | |a DLU |b vie |
| 041 | # | # | |a vie |
| 044 | # | # | |a vn |
| 100 | # | # | |a Bùi Thị Ngọc. |
| 245 | # | # | |a Nghiên cứu các nhân tố tác động đến mức độ hài lòng của giảng viên trong trường đại học / |c Bùi Thị Ngọc, Lê Thị Tú Oanh. |
| 653 | # | # | |a Giảng viên |
| 653 | # | # | |a Mức độ hài lòng |
| 700 | # | # | |a Lê Thị Tú Oanh. |
| 773 | # | # | |t Kinh tế &Phát triển |g Số 239, 2017, tr. 100-108 |
| 920 | # | # | |a Phòng Tạp chí -- Trung tâm Thông tin - Thư viện Trường Đại học Đà Lạt |
| 994 | # | # | |a DLU |
| 900 | # | # | |a True |
| 911 | # | # | |a Nguyễn Thị Thu Phương |
| 925 | # | # | |a G |
| 926 | # | # | |a A |
| 927 | # | # | |a BB |
| 980 | # | # | |a Thư viện Trường Đại học Đà Lạt |